000 009410000a22002890004500
001 20829
003 CO-MdFUSB
005 20180622170416.0
008 160922t1953 xxu||||g |||| 00| 0 eng d
040 _aCO-MdFUSB
_bEspañol
_cCO-MdFUSB
_dCO-MdFUSB
041 _aeng
082 _224
_a270.5
_bAD244a
100 1 _aSpinka, Matthew., (Editor)
_eEditor
245 1 0 _aAdvocates of reform
_b : From Wyclif to Erasmus
_c/ Edited by Matthew Spinka
264 _aPhiladelphia, Pennsylvania :
_bThe Westminster Press,
_c1953
300 _a399 páginas
336 _2rdacontent
_a1
_ba1
337 _2rdamedia
_a2
_b5
338 _2rdacarrier
_a2
_b5
500 _aIncluye índices (p. 383-399)
501 _aPasta dura
505 0 0 _aJohn Wyclif - Los conciliaristas - John Hus - Erasmo
653 _aChristians -- 1200-1517 -- biography
653 _aCristianos -- 1200-1517 -- Biografía
942 _cBK
999 _c47180
_d47180